[Event "Omegna op 1st"]
[Site "Omegna"]
[Date "2013.07.04"]
[Round "1"]
[White "Park, Frank"]
[Black "Machlik, Edit"]
[Result "0-1"]
[WhiteElo "1440"]
[BlackElo "1810"]
[PlyCount "56"]
[EventDate "2013.07.04"]
[EventType "swiss"]
[EventRounds "6"]
[EventCountry "ITA"]
[SourceTitle "EXT 2014"]
[Source "ChessBase"]
[SourceDate "2013.11.20"]
[SourceVersion "1"]
[SourceVersionDate "2013.11.20"]
[SourceQuality "1"]

1. d4 d5 2. e3 Nf6 3. Bd3 e6 4. f4 c5 5. c3 Nc6 6. a3 c4 7. Bc2 b5 8. Nf3 a5 9. 0-0 Bd6 10. Nbd2 0-0 11. Ne5 Qc7 12. Qf3 Nd7 13. Bxh7+ Kxh7 14. Qh5+ Kg8 15. Ndf3 Nf6 16. Qh3 Ne4 17. g4 Ne7 18. Nh4 Bd7 19. g5 Bxe5 20. dxe5 Nf5 21. Nxf5 exf5 22. Qf3 Be8 23. h4 f6 24. gxf6 gxf6 25. Kh2 Rf7 26. Bd2 Kf8 27. Rad1 Rh7 28. Be1 Bh5 0-1